| 000 | 00623nam a2200169Ia 4500 | ||
|---|---|---|---|
| 008 | 090201s9999 xx 000 0 und d | ||
| 010 | _aKPL-9212 | ||
| 040 | _bमराठी | ||
| 041 | _aमराठी | ||
| 082 |
_a40859 _b9212 |
||
| 100 | _aसुमति क्षेत्रमाडे | ||
| 245 |
_aमीच झाले माझी मृगया _cसुमति क्षेत्रमाडे |
||
| 260 |
_c2004 _bमहाराष्ट्र ग्रंथभांडार |
||
| 300 |
_a70 _bमोठा |
||
| 600 | _aमीच झाले माझी मृगया | ||
| 942 | _cBOOK | ||
| 999 |
_c238087 _d238087 |
||